01421nam a2200313Ia 4500001001200000003000800012006001900020007001500039008004100054020001500095020001800110040002100128035002100149050002800170245013300198260016400331300001500495504005400510533015200564650005300716650005000769655002900819700003000848710001400878710005500892710001700947856012600964999001701090ebr10354152CaPaEBRm u cr cn|||||||||091111s2009 sg sb 000 0 eng d z2869782608 z9782869782600 aCaPaEBRcCaPaEBR a(OCoLC)64688604014aHD77.5.A358bA37 2009eb00aAfrican researchers and decision-makersh[electronic resource] :bbuilding synergy for development /cedited by Aboulaye Ndiaye. aDakar, Senegal :bCouncil for the Development of Social Sciences Research in Africa ;aOttawa, ON, Canada :bInternational Development Research Centre,cc2009. axvi, 80 p. aIncludes bibliographical references (p. [77]-80). aElectronic reproduction.bPalo Alto, Calif. :cebrary,d2010.nAvailable via World Wide Web.nAccess may be limited to ebrary affiliated libraries. 0aEconomic developmentxResearchzAfrica, Central. 0aEconomic developmentxResearchzAfrica, West. 7aElectronic books.2local1 aNdiaye, Abdoulaye,d1949-2 aCodesria.2 aInternational Development Research Centre (Canada)2 aebrary, Inc.40uhttp://site.ebrary.com/lib/rucke/Doc?id=10354152zAn electronic book accessible through the World Wide Web; click to view c34330d34330